000 00439nam a2200181Ia 4500
001 2224
005 20260306143826.0
008 260306t2013||||xx |||||||||||||| ||spa||
041 _aESP
082 _a616.2
_bL91
100 _aLoscalzo, Joseph,
_eAUT
245 0 _aHarrison. NeumologĂ­a y cuidados intensivos
260 _c2013
300 _axi, 572 páginas :
_c27 cm.
650 _aGEN
654 _aCCS
942 _cLIB
_dJUS
_fJUS
_2ddc
_n
999 _c2224
_d2224